| 000 | 00613nam a2200169 a 4500 | ||
|---|---|---|---|
| 001 | 000014007 | ||
| 005 | 20200929163433.0 | ||
| 008 | 091126s2002 dr r 001 0 spa d | ||
| 040 |
_aDO-SdBNP _bspa _cBNPHU |
||
| 082 |
_axxxx _bR426r |
||
| 110 | 1 |
_aRepública Dominicana _bSecretaría de Estado de Relaciones Exteriores _92256 |
|
| 240 | 1 | 3 | _aLeyes, etc. |
| 245 | 1 | 0 | _aRecopilación de textos legales relacionados con la separación territorial domínico-haitiana llevada al terreno en 1929. |
| 250 | _a2a. ed. | ||
| 260 |
_aSanto Domingo : _bEscuela Diplomática y Consular, _c2002. |
||
| 300 |
_a110 p. ; _c21 cm. |
||
| 999 |
_c13611 _d13611 |
||